MDQL
is popping MORE tags! Check the
thread
!
Quizzes
Events
Quiz Creation
Community
Videos
Private Events
Remove Ads
Sign In
Join for FREE
Feedback
Dark Mode
Quiz Categories
Sports
Geography
Music
Movies
Television
Just For Fun
Miscellaneous
History
Literature
Language
Science
Gaming
Entertainment
Religion
Holiday
For Kids
Quiz Lab
Recent
Popular Today
Quiz Kudos Today
Editor Picks
Curator Picks
Quizzes by...
Day
Popularity
Type
Ratings
Length
Year
Community
Subscriptions
Recent Discussions
Orange Saloon
Badges
Playlists
Quests
Create
Leaderboards
Showdown
Live 5
Trivia Bingo
Activity
Puzzle Library
Sporcle Events
Private Events
Virtual Trivia
Globe League
Become a Host
Pub Owners
SporcleCon
Opinionation
Our Games
Videos
Blog
Mobile Apps
Partnerships
Remove Ads and Go Orange
Feedback
Language
Vocabulary
Begins and Ends
Definition
Spanish
French
German
Italian
Chinese
Latin
Translation
Japanese
Language
Vocabulary
Begins and Ends
Definition
Spanish
French
German
Italian
Chinese
Latin
Translation
Japanese
Random Quiz
Search Sporcle
×
Quiz Lab
Quiz Lab
Language
Japanese
Click on answers out of a set of options
Click on answers out of a set of options
Multiple Choice
Best Score? Go Orange.
Kanji verbs multiple choice 08 Stats
Match the verbs
By
PetePorchos
3m
20 Questions
14 Plays
14 Plays
14 Plays
Comments
Comments
Give Quiz Kudos
Give Quiz Kudos
-
- Ratings
hide this ad
Random Order
Randomize order of answers
Randomize order of answers
Replay
Link that replays current quiz
Next Quiz
Link to next quiz in quiz playlist
You Got
0%
They Got
Avg Score
70%
Avg Friend Score
Upgrade to see
Score Distribution
Jump to the score distribution portion of the page
Score
0/20
Timer
03:00
0
Plays Today
Question
Answer
Wrong Answers
うつ hit
打つ
85.7%
待つ
0%
勝つ
0%
育つ
7.1%
ささえる support
支える
85.7%
教える
7.1%
考える
0%
聞こえる
0%
つぐ be next
次ぐ
78.6%
急ぐ
0%
稼ぐ
7.1%
泳ぐ
0%
およぐ swim
泳ぐ
78.6%
脱ぐ
0%
次ぐ
0%
書く
7.1%
しめる close
閉める
78.6%
開く
0%
止める
0%
集まる
7.1%
まつ wait
待つ
78.6%
打つ
14.3%
保つ
0%
育つ
0%
もつ hold
持つ
71.4%
勝つ
0%
保つ
7.1%
打つ
7.1%
かわる change
変わる
71.4%
分かる
7.1%
終わる
0%
始める
0%
おくれる be late
遅れる
71.4%
数える
7.1%
支える
0%
覚える
0%
おくる send
送る
71.4%
連れる
7.1%
分かる
7.1%
終わる
7.1%
わすれる forget
忘れる
71.4%
覚える
7.1%
遅れる
0%
訪れる
7.1%
ひらく open, hold an event
開く
71.4%
書く
7.1%
聞く
7.1%
歩く
7.1%
のぼる climb
登る
71.4%
語る
0%
渡る
28.6%
食べる
0%
きる cut
切る
71.4%
見る
0%
落ちる
7.1%
入る
0%
すすむ progress
進む
64.3%
休む
0%
好む
0%
畳む
21.4%
ぬぐ take off (clothes)
脱ぐ
64.3%
急ぐ
7.1%
寛ぐ
14.3%
注ぐ
0%
わたる cross
渡る
64.3%
語る
0%
当たる
14.3%
有る
0%
はなす set free
放す
57.1%
殺す
7.1%
捜す
21.4%
渡す
0%
ある be (inanimate)
有る
57.1%
要る
7.1%
居る
7.1%
入る
7.1%
おこなう do, carry out
行う
50%
商う
14.3%
会う
0%
笑う
14.3%
Quiz Playlist
Details
Report
Send in Message
Add To Playlist
Multiple Choice:
Click on answers out of a set of options
Random Order:
Randomize order of answers
Last Updated: Sep 8, 2017
Quiz Scoreboard
CHALLENGE
Sign Up to Join the Scoreboard
Show All
Scores
Hide
Comments
May contain spoilers
Recently Published
Holiday 10x10 Sorting Gallery
by lukepisani3
Holiday
15m
Two Season TV Shows II
by 123Four
Television
10m
Image Sorting: Flags VI
by Barbecue
Geography
2m
More to Explore
Quiz From the Vault
Featured Blog Post
14 Easter Pick-up Lines to Find Eggs With
hide this ad
You Might Also Like...
Tags
Japanese Quiz
hiragana
kanji
multiple
Verbs
Today's Top Quizzes in Language
Browse Language
hide this ad
Today's Top Quizzes in Japanese
Browse Japanese
Top Contributed Quizzes in Language
1
What Word Starts All?
2
1-10 Letter F Words III
3
Weisst du, aus welchen Sprachen diese Wörter stammen?
4
1-10 Letter G Words III
5
1-10 Letter H Words III
6
Harry Potter book 6 chapters: English & Greek
7
Arabic Numerals
8
1-10 Letter I Words III
9
One Thing in Common: Italy
10
Celtic Nations in their Language
Explore More
Trending Topics
Harry Potter
Marvel
NBA
Kpop
Anime
Disney
Crossword
WWE
Country
The Office
Puzzle
Song
Soccer
NFL
Pokémon
hide this ad
More By:
PetePorchos
Quiz
Plays
Rating
Category
Featured
Created
KATAKANA FOOD 01
550
5.00
Language
Sep 19, 2016
Japanese verbs 01 kanji and hiragana
290
5.00
Language
Sep 15, 2015
katakana transport 01
244
5.00
Language
Sep 9, 2017
Japanese Verbs 04 kanji and hiragana
232
5.00
Language
Sep 18, 2015
KATAKANA FOOD 03
194
5.00
Language
Sep 19, 2016
Go to Creator's Profile
Score Distribution
Quiz Creator Spotlight
PetePorchos
Follow
Send a Message
Quizzes Created
-
Created Quiz Play Count
-
More By This Creator
Popular Quizzes Today
1
Find the US States - No Outlines Minefield
2
Colored Red Africa Blitz
3
Find the 'City' Movie
4
The Countries of the World
5
Find the US States
6
5x2 Blitz: Bands
7
Find the Countries of Europe - No Outlines Minefield
8
US States
More Language Quizzes
'A___E' Picture Click
Quiz Lab
Trending Quizzes
Colored Red Europe Blitz I
Colored Red Europe Blitz II
Colored Red Africa Blitz II
Colored Red Europe Blitz III
Colored Red Africa Blitz III
Recently Updated
Odd Team Out - Big 4 Players
pecheneg
Quick Pick: 20 Twenties
pecheneg
March Madness Men's Triple Doubles
pecheneg
How Do You Spell That?
pecheneg
Godzilla Movies
pecheneg
Grab Bag: 4-10 Letters
pecheneg
2024 March Madness Bracket
pecheneg
Famous TV Couples
Peacemaker
Champions League XIs: Real Madrid
pecheneg
Largest US Cities 1790-2010
pecheneg
Trending Topics
Harry Potter
Disney
Anime
Marvel
Kpop
NBA
Crossword
WWE
Puzzle
The Office
NFL
Song
Soccer
Country
Pokémon
Your Account Isn't Verified!
In order to create a playlist on Sporcle, you need to verify the email address you used during registration. Go to your
Sporcle Settings
to finish the process.
Report this User
Report this user for behavior that violates our
Community Guidelines
.
Details:
Send Report
Go to the Sporcle.com Mobile Site →
Comments